|
|
|
|
| LEADER |
01528nam a2200289 a 4500 |
| 001 |
7508 |
| 003 |
BD-DhAAL |
| 005 |
20160208151529.0 |
| 008 |
151123s2004 bg a 000 0dbeno |
| 010 |
|
|
|a 2004310464
|
| 020 |
|
|
|a 9841105592
|
| 037 |
|
|
|b Library of Congress -- New Delhi Overseas Office
|c Tk400.00
|
| 040 |
|
|
|a DLC
|c DLC
|d BD-DhAAL
|
| 050 |
0 |
0 |
|a DS395
|b .U45 2004
|
| 082 |
|
|
|a 954.95205
|
| 100 |
1 |
|
|a উল্লাহ, মোহাম্মদ সফিক.
|d 1941-
|9 16451
|
| 245 |
1 |
0 |
|a একাত্তরের রণাঙ্গন, গেরিলাযুদ্ধ ও হেমায়েতবাহিনী /
|c মোহাম্মদ সফিক উল্লাহ ; সম্পাদনা, মোহাম্মদ সা'দাত আলী.
|
| 260 |
|
|
|a ঢাকা :
|b আহমদ পাবলিশিং হাউস,
|c ২০০৯.
|
| 300 |
|
|
|a ৫০৩ পৃ. :
|b চিত্র ;
|c ২২ সে.মি.
|
| 520 |
|
|
|a Role of a group of revolutionaries under the leadership of Hemāẏetauddina, b. 1941, in the liberation war of Bangladesh, 1971.
|
| 541 |
|
|
|e 7508
|
| 546 |
|
|
|a In Bengali; includes passages in English.
|
| 600 |
0 |
0 |
|a Hemāẏetauddina,
|d 1941-
|x Influence.
|9 16452
|
| 651 |
|
0 |
|a Bangladesh
|x History
|y Revolution, 1971
|v Personal narratives.
|9 16453
|
| 942 |
|
|
|2 ddc
|c BK
|
| 999 |
|
|
|c 36270
|d 36270
|
| 952 |
|
|
|0 0
|1 0
|2 ddc
|4 0
|6 954_952050000000000_ULL
|7 0
|9 57016
|a SCL
|b SCL
|c GEN
|d 2015-11-22
|g 600.00
|l 2
|m 1
|o 954.95205 ULL
|p 3020007508
|r 2022-03-31
|s 2017-02-01
|t 1
|w 2015-11-22
|y BK
|